| 000 | 00854nam a2200277 i 4500 | ||
|---|---|---|---|
| 001 | 000047728 | ||
| 003 | DO-SdBNP | ||
| 005 | 20260319141038.0 | ||
| 007 | ta | ||
| 008 | 090903s2016 dr 000 0 spa d | ||
| 020 | _a9789945167320 | ||
| 040 |
_aDO-SdBNP _bspa _cBNPHU _espa |
||
| 041 | _aspa | ||
| 082 | 4 |
_axxx _bG216 _222 |
|
| 100 |
_aGarcía, Diógenes, _d1950- _eautor _4aut. _975331 |
||
| 245 | 1 | 4 |
_aLos cuentos de un pensador en dos siglos (XX y XXI) / _cDiógenes García. |
| 250 | _aprimera edición | ||
| 264 |
_aSanto Domingo : _bEditora Búho, _c2016. |
||
| 300 |
_a157 páginas ; _c23 cm. |
||
| 336 |
_atexto _btxt _2rdacontent |
||
| 337 |
_asin mediación _bn _2rdamedia |
||
| 338 |
_avolumen _bnc _2rdacarrier |
||
| 500 | _aIncluye datos biografícos del autor en las solapas. | ||
| 590 | _aInventariado, 2018/ YL | ||
| 942 |
_2ddc _cLBS1 |
||
| 999 |
_c47216 _d47216 |
||